Projectes d'acord presentats a la ... reunió ordinària de l'Assamblea [sic] / (Record no. 185751)

MARC details
000 -LEADER
campo de control de longitud fija 00859nas a2200205 i 4500
001 - NÚMERO DE CONTROL
campo de control 185751
003 - IDENTIFICADOR DE NÚMERO DE CONTROL
campo de control ES-MaACL
005 - FECHA Y HORA DE LA ÚLTIMA TRANSACCIÓN
campo de control 20250217134919.0
008 - DATOS DE LONGITUD FIJA--INFORMACIÓN GENERAL
campo de control de longitud fija 160805d19141923sp | | ||at d
245 00 - MENCIÓN DEL TÍTULO
Título Projectes d'acord presentats a la ... reunió ordinària de l'Assamblea [sic] /
Mención de responsabilidad, etc. Mancomunitat de Catalunya.
260 ## - PUBLICACIÓN, DISTRIBUCIÓN, ETC.
Lugar de publicación, distribución, etc. Barcelona :
Nombre del editor, distribuidor, etc. [La Mancomunitat],
Fecha de publicación, distribución, etc. 1914-[1923]
300 ## - DESCRIPCIÓN FÍSICA
Extensión 7 v. ;
Dimensiones 22 cm.
310 ## - PERIODICIDAD ACTUAL
Periodicidad actual Semestral
362 0# - FECHAS DE PUBLICACIÓN Y/O DESIGNACIÓN SECUENCIAL
Fecha de publicación y/o designación secuencial 1a reunió (maig 1914)-19a reunió (ag. 1923)
651 #4 - PUNTO DE ACCESO ADICIONAL DE MATERIA--NOMBRE GEOGRÁFICO
Nombre geográfico Cataluña-
Subdivisión general Política y gobierno-
Subdivisión cronológica 1914-1925.
9 (RLIN) 160354
710 2# - ENTRADA AGREGADA--NOMBRE DE ENTIDAD CORPORATIVA
Nombre de entidad corporativa o nombre de jurisdicción como elemento de entrada Mancomunitat de Catalunya.
9 (RLIN) 160353
852 ## - LOCALIZACIÓN
Ubicación ES-MaACL
Número de control de estantería F-7123-29
866 #0 - MENCIÓN TEXTUAL DE FONDOS--UNIDAD BIBLIOGRÁFICA BÁSICA
Fondos Reunió 5 (maig 1916), Reunió 6 (nov. 1916), Reunió 7 (maig. 1917), Reunió 8 (nov. 1917), Reunió 9 (maig 1918), Reunió 10 (gener 1919) - Reunió 11 (agost 1919)
Holdings
Estatus retirado Estado de pérdida Estado de daño No para préstamo Colección Biblioteca de origen Biblioteca actual Ubicación en estantería Fecha de adquisición Fuente de adquisición Total de préstamos Signatura topográfica completa Código de barras Visto por última vez Precio de reemplazo Tipo de ítem Koha
        Periódicos y Revistas Biblioteca del Ateneo de Madrid Biblioteca del Ateneo de Madrid Depósito 2 05/08/2016     F-7123-29 1195804 23/02/2023 23/02/2023 Revista